Všecko bylo trochu jinak : dodatky /

Hlavní autor: Hrala, Milan, 1931-2015
Jazyk: Čeština
Vydáno: Ústí nad Orlicí : Oftis, 2014
Vydání: Vyd. 1.
Témata:
Fyzický popis: 135 s. ; 21 cm
Knihy
Uloženo v:
LEADER 01709nam a2200505 a 4500
001 nkc20142595232
003 CZ PrNK
005 20150128120853.0
007 ta
008 140612s2014 xr e 000 jdcze
015 |a cnb002595232 
020 |a 978-80-7405-344-3  |q (brož.) 
035 |a (OCoLC)903089031 
040 |a ABA001  |b cze 
043 |a e-xr--- 
045 |a x-y- 
072 7 |a 821.162.3-3  |x Česká próza  |2 Konspekt  |9 25 
072 7 |a 929  |x Biografie  |2 Konspekt  |9 8 
080 |a 821.162.3-3  |2 MRF 
080 |a 378.011.3-051  |2 MRF 
080 |a 929  |2 MRF 
080 |a (437.3)  |2 MRF 
080 |a (0:82-3)  |2 MRF 
080 |a (0:82-94)  |2 MRF 
100 1 |a Hrala, Milan,  |d 1931-2015  |7 jk01042660  |4 aut 
245 1 0 |a Všecko bylo trochu jinak :  |b dodatky /  |c Milan Hrala 
246 1 |i Název na zadní s. obálky:  |a Všecko bude trochu jinak 
246 3 |a Všechno bylo trochu jinak - dodatky 
246 3 0 |a Dodatky 
250 |a Vyd. 1. 
260 |a Ústí nad Orlicí :  |b Oftis,  |c 2014 
300 |a 135 s. ;  |c 21 cm 
600 1 7 |a Hrala, Milan,  |d 1931-2015  |7 jk01042660  |2 czenas 
648 7 |a 20.-21. století  |7 ch462155  |2 czenas 
650 0 7 |a vysokoškolští učitelé  |7 ph127282  |z Česko  |y 20.-21. století  |2 czenas 
650 0 9 |a college teachers  |z Czechia  |y 20th-21st centuries  |2 eczenas 
655 7 |a české prózy  |7 fd133972  |2 czenas 
655 7 |a autobiografické vzpomínky  |7 fd131854  |2 czenas 
655 9 |a Czech prose  |2 eczenas 
655 9 |a autobiographical reminiscences  |2 eczenas 
910 2 |a BOA001  |b 2-1339.190 
990 |a BK 
995 |a 01 
991 |b 201501  |c NOV  |e n 
996 6 |b 2610617073  |c 2-1339.190  |l MZK  |r Sklad / do 1 hodiny  |n 1  |p p.v.  |w 001480844  |u 000010  |a 1  |e BOA001  |j MZK50  |s P